000 00529nam a2200193Ia 4500
005 20250507130253.0
008 008 250505s9999 xx 000 0 eng d
037 _aSeries Article
040 _aEASL
_beng
_cEASL
041 _aeng
_2eng
084 _qEASL
100 _aShkla Sonia
_9670373
245 0 _aForging new frontiers:Integrating tawang with India,1951
260 _aIndia
_bNew delhi Sage Publications
_c2012
300 _a407-426
650 _aChina
942 _cSRA
999 _c1318685
_d1318685